1400 1750 1713 1282 1571 1444 1986 1120 1468 1680 1466 1696 1880 1589 1579 1093 1131 1140 1687 1821 1624 1232 1487 1797 1313 1232 1815 1063 1658 1908 1779 1215 1844 1755 1779 1789 1840 1011 1373 1281 1284 1464 1441 1793 1180 1335 1702 1870 1907 1076 1199 1087 1886 1366 1907 1945 1160 1289 1938 1700 1783 1077 1585 1029 1572 1175 1971 1811 1361 1115 1824 1458 1470 1585 1829 1526 1319 1095 1551 1395 1230 1894 1834 1058 1881 1463 1234 1688 1668 1111 1558 1108 1241 1782 1328 1914 1748 1761 1512 BCNSPRNW ULIB Ver.6.0+V

เปลี่ยนเป็นภาษาไทย

Change to English
 แสดงรายละเอียดบรรณานุกรม
  กลับหน้าหลัก

Brief Record : Get Marc (ISO 2709) : E-mail record : QR code < ปิดหน้าต่าง
LEADER : 00000nam 2200000uu 4500
001    13399129205
003     ULIB
008    260511s2568||||th 000 0 tha d
020    ^a9786161874070
060 0  ^aWT120^bย731ค
100 1  ^aโยะเนะยะมะ, โยะชิโกะ.
245 1  ^aคู่มือดูแลผู้สูงอายุและผู้ป่วยติดเตียง /^cโยะเนะยะมะ โยะชิโกะ, ที่ปรึกษา ; กาญจนี สวยสมพล, แปล.
246 3  ^aCho zukai yasashii kaigo no kotsu
250    ^aพิมพ์ครั้งที่ 4.
260    ^aกรุงเทพฯ :^bฮาวทู,^c2568.
300    ^a220 หน้า :^bภาพประกอบ ;^c24 ซม.
505 2  ^aความรู้เบื้องต้นในการดูแลผู้สูงอายุ -- เทคนิคการดูแลผู้สูงอายุเบื้องต้น -- การพลิกตัว -- การลุกนั่ง -- การลุกยืน -- การนั่ง -- การช่วยเหลือผู้สูงอายุนั่งรถเข็น -- การเดิน -- การรับประทานอาหาร -- การอาบน้ำ -- การเปลี่ยนเสื้อผ้า -- การขับถ่าย -- วิธีรับมือเมื่อเกิดเหตุฉุกเฉิน -- วิธีการดูแลตัวเองของผู้ดูแล.
505 2  ^aบทที่ 1 ความรู้เบื้องต้นในการดูแลผู้สูงอายุ -- บทที่ 2 เทคนิคการดูแลผู้สูงอายุเบื้องต้น -- บทที่ 3 การพลิกตัว -- บทที่4 การลุกนั่ง -- บทที่ 5 การลุกยืน -- บทที่ 6 การนั่ง -- บทที่ 7 การช่วยเหลือผู้สูงอายุนั่งรถเข็น -- บทที่ 8 การเดิน -- บทที่ 9 การรับประทานอาหาร -- บทที่ 10 การอาบน้ำ -- บทที่ 11 การเปลี่ยนเสื้อผ้า -- บทที่ 12 การขับถ่าย -- บทที่ 13 วิธีรับมือเมื่อเกิดเหตุฉุกเฉิน -- บทที่ 14 วิธีการดูแลตัวเองของผู้ดูแล.
610  4 ^aการพยาบาลผู้ใหญ่และผู้สูงอายุ.
650  4 ^aกายภาพบำบัดสำหรับผู้สูงอายุ.
650  4 ^aการดูแลผู้ป่วยติดเตียง
650  4 ^aการดูแลผู้สูงอายุ
650  4 ^aผู้ป่วย^xการดูแล
650  4 ^aผู้ป่วยติดเตียง^xการพยาบาล
650  4 ^aผู้สูงอายุ
650  4 ^aผู้สูงอายุ^xการดูแล
653    ^aSDG3.
653    ^aSDGs.
655  4 ^aHealth Sciences Branch.
700 0  ^aกาญจนี สวยสมพล^eผู้แปล.
700 1  ^aYoneyama, Yoshiko.
999    ^aประนอม เกษจรัล
รายการนี้ยังไม่มีแท็ก
คุณยังไม่ได้ล็อกอิน คุณสามารถมีกิจกรรมร่วมกับเว็บไซต์ได้ แต่ต้องล็อกอินก่อน ::
  ล็อกอิน

รายการสื่อสารสนเทศ

ลำดับที่ ประเภท เลขเรียก/บาร์โค้ด สถานที่ สถานะ
1. วิทยาศาสตร์การแพทย์ และสุขภาพ
วิทยาศาสตร์การแพทย์ และสุขภาพ
WT120 ย731ค ฉ.1 
  Barcode: 012158
ห้องสมุดวิทยาเขตสวรรค์ประชารักษ์
►หนังสือทั่วไป
บนชั้น
2. วิทยาศาสตร์การแพทย์ และสุขภาพ
วิทยาศาสตร์การแพทย์ และสุขภาพ
WT120 ย731ค ฉ.2 
  Barcode: 012159
ห้องสมุดวิทยาเขตสวรรค์ประชารักษ์
►หนังสือทั่วไป
บนชั้น
3. วิทยาศาสตร์การแพทย์ และสุขภาพ
วิทยาศาสตร์การแพทย์ และสุขภาพ
WT120 ย731ค ฉ.3 
  Barcode: 012160
ห้องสมุดวิทยาเขตสวรรค์ประชารักษ์
►หนังสือทั่วไป
บนชั้น
4. วิทยาศาสตร์การแพทย์ และสุขภาพ
วิทยาศาสตร์การแพทย์ และสุขภาพ
WT120 ย731ค ฉ.4 
  Barcode: 012161
ห้องสมุดวิทยาเขตสวรรค์ประชารักษ์
►หนังสือทั่วไป
บนชั้น
5. วิทยาศาสตร์การแพทย์ และสุขภาพ
วิทยาศาสตร์การแพทย์ และสุขภาพ
WT120 ย731ค ฉ.5 
  Barcode: 012162
ห้องสมุดวิทยาเขตสวรรค์ประชารักษ์
►หนังสือทั่วไป
บนชั้น

รายการใกล้เคียง
    หัวเรื่อง [การดูแลผู้ป่วยติดเตียง]
    หัวเรื่อง [การดูแลผู้สูงอายุ]
    หัวเรื่อง [ผู้ป่วย การดูแล]
    หัวเรื่อง [ผู้สูงอายุ]
    หัวเรื่อง [ผู้สูงอายุ การดูแล]

BibComment


ยังไม่เคยถูกคอมเมนท์

คอมเมนท์ทรัพยากรรายการนี้
  คอมเมนท์: คู่มือดูแลผู้สูง..


 Copyright 2026. Bcnsprnw @Library